Pays d'Europe par les deux premières lettres en 15 secondes - Statistiques

Statistiques générales
  • Ce quiz a été pris 1 049 fois
  • Le résultat moyen est 14 sur 44
Statistiques - réponses
Pays % Correct
France
92%
Espagne
70%
Estonie
70%
Albanie
65%
Allemagne
65%
Royaume-Uni
65%
Pologne
59%
Portugal
59%
Suède
44%
Suisse
44%
Roumanie
41%
Biélorussie
40%
Russie
36%
Belgique
34%
Andorre
33%
Finlande
33%
Italie
33%
Irlande
32%
Liechtenstein
31%
Lituanie
31%
Islande
28%
Norvège
27%
Pays-bas
27%
Lettonie
26%
Moldavie
21%
Monaco
21%
Monténégro
21%
Slovaquie
21%
Slovénie
21%
Saint-marin
20%
Autriche
18%
Macédoine
18%
Ukraine
17%
Danemark
15%
Luxembourg
15%
Malte
14%
Bulgarie
13%
Grèce
13%
Croatie
11%
Hongrie
11%
Serbie
11%
Bosnie-Herzégovine
8%
Vatican
8%
Chypre
2%
Aucun quiz correspondant
Distribution des résultats
% des personnes avec chaque résultat
Percentile par nombre de réponses
Votre historique - résultats
Vous n’avez pas pris ce quiz